000
00336 a2200109 4500
001
ART_17848
005
20260410161701.0
008
260409a
245
1
0
_a
Autonomia monetria, heteronimía monetaria y dinero pasivo
100
1
_a
Olivera, Julio H.G.
773
0
_t
Ensayos Económicos
_g
- Nº 13 (mar. 1980)
_w
REV620
999
_c
15149
_d
15149